000
00468nam a2200145Ia 4500
008
090124s9999 xx 000 0 und d
082
_b
133796
_a
102985
245
_a
न परतीच्या वाटेवरुन
250
_a
1
260
_b
ओक सुनेत्रा.
_c
2005
300
_a
160
630
_a
न परतीच्या वाटेवरुन
730
_a
न परतीच्या वाटेवरुन
942
_c
BOOK
999
_c
180107
_d
180107